[Event "Vienna Chess Open 2013"]
[Site "Großer Festsaal im Wiener Rathaus, 1010 Wien"]
[Date "2013.08.24"]
[Round "8.1"]
[White "Poetsch, Hagen"]
[Black "Novikov, Stanislav"]
[Result "1/2-1/2"]
[WhiteElo "2446"]
[BlackElo "2545"]
[[PlyCount "28"]
[[BlackElo "2545"]

1.e4 c5 2.Nf3 Nc6 3.d4 cxd4 4.Nxd4 e5 5.Nb5 d6 6.N1c3 a6 7.Na3 Be7 8.Nc4 b5 9.Ne3
Nf6 10.g3 O-O 11.Bg2 Rb8 12.O-O b4 13.Ncd5 Nxd5 14.Nxd5 Bg5 1/2-1/2

[Event "Vienna Chess Open 2013"]
[Site "Großer Festsaal im Wiener Rathaus, 1010 Wien"]
[Date "2013.08.24"]
[Round "8.2"]
[White "Hawkins, Jonathan"]
[Black "Handler, Lukas"]
[Result "1-0"]
[WhiteElo "2521"]
[BlackElo "2393"]
[[PlyCount "105"]
[[BlackElo "2393"]

1.Nf3 Nf6 2.c4 e6 3.g3 d5 4.Bg2 dxc4 5.Qa4+ Nbd7 6.Qxc4 c5 7.O-O b6 8.d4 Bb7 9.Nc3
cxd4 10.Nxd4 Bxg2 11.Kxg2 Qc8 12.Qa4 Bc5 13.Bg5 O-O 14.Rfd1 h6 15.Bxf6 Nxf6 16.Rac1
Qb7+ 17.Qc6 Qxc6+ 18.Nxc6 Rfc8 19.Ne5 Kf8 20.a3 Rd8 21.Rxd8+ Rxd8 22.b4 Be7 23.Nc6
Rd7 24.Nb5 a6 25.Nb8 Rd2 26.Nxa6 Bd8 27.Kf3 Nd7 28.Ke3 Ra2 29.f4 e5 30.Rd1 exf4+ 31.gxf4
Ke7 32.Rd3 g5 33.Nd4 gxf4+ 34.Kxf4 Ke8 35.Nc6 Bg5+ 36.Kf5 Rc2 37.Rd6 Rc1 38.Nc7+ Kf8
39.Nd5 Rf1+ 40.Ke4 Nf6+ 41.Nxf6 Bxf6 42.Ne5 Bxe5 43.Kxe5 b5 44.Rxh6 Re1 45.e4 Re3
46.Ra6 Rh3 47.Kd5 Rxh2 48.Ra5 Rh3 49.Kc6 Re3 50.Kxb5 Rxe4 51.Kc6 Re6+ 52.Kd5 Re8 53.b5 1-0

[Event "Vienna Chess Open 2013"]
[Site "Großer Festsaal im Wiener Rathaus, 1010 Wien"]
[Date "2013.08.24"]
[Round "8.3"]
[White "Krivoborodov, Egor"]
[Black "Pirrot, Dieter"]
[Result "1/2-1/2"]
[WhiteElo "2502"]
[BlackElo "2377"]
[[PlyCount "52"]
[[BlackElo "2377"]

1.e4 e6 2.d4 d5 3.Nc3 Bb4 4.e5 c5 5.a3 Bxc3+ 6.bxc3 Ne7 7.Qg4 Qc7 8.Qxg7 Rg8 9.Qxh7
cxd4 10.Qd3 dxc3 11.Ne2 Nbc6 12.Qxc3 Nf5 13.Bf4 Bd7 14.h4 d4 15.Qc5 b6 16.Qc4 Rc8
17.Ng3 Rg4 18.Nxf5 exf5 19.g3 Be6 20.Qa4 Bd5 21.Rg1 Kf8 22.Be2 Qe7 23.f3 Rxf4 24.gxf4
Qxh4+ 25.Kd1 Qxf4 26.Qb5 d3 1/2-1/2

[Event "Vienna Chess Open 2013"]
[Site "Großer Festsaal im Wiener Rathaus, 1010 Wien"]
[Date "2013.08.24"]
[Round "8.4"]
[White "Dastan, M.Batuhan"]
[Black "Swicarz, Maciej"]
[Result "1-0"]
[WhiteElo "2417"]
[BlackElo "2238"]
[[PlyCount "81"]
[[BlackElo "2238"]

1.e4 c6 2.d4 d5 3.e5 Bf5 4.Be3 Qb6 5.Qc1 e6 6.c4 Bxb1 7.Rxb1 Bb4+ 8.Kd1 Qa6 9.a3 Bf8
10.Nf3 Qa4+ 11.b3 Qxa3 12.Qxa3 Bxa3 13.cxd5 Ne7 14.dxe6 fxe6 15.b4 Nd5 16.Bd2 a5 17.bxa5
Ra7 18.Ng5 Kd7 19.Ne4 Rf8 20.h4 Be7 21.Rh3 Rf5 22.Rhb3 Kc8 23.g3 Nd7 24.Bh3 g6 25.Bxf5
exf5 26.Ng5 Bxg5 27.hxg5 Nf8 28.Ke2 Ne6 29.Kd3 Kc7 30.Rh1 Nf8 31.Rh4 Ra8 32.Rh1 Ra7
33.f3 Ra8 34.g4 f4 35.Ke4 Kc8 36.Bxf4 Rxa5 37.Bc1 Ra4 38.Ra3 b5 39.Rxa4 bxa4 40.Bd2
Kd7 41.f4 1-0

[Event "Vienna Chess Open 2013"]
[Site "Großer Festsaal im Wiener Rathaus, 1010 Wien"]
[Date "2013.08.24"]
[Round "8.5"]
[White "Sanal, Vahap"]
[Black "Stanec, Nikolaus"]
[Result "1/2-1/2"]
[WhiteElo "2421"]
[BlackElo "2516"]
[[PlyCount "96"]
[[BlackElo "2516"]

1.e4 e5 2.Nf3 Nf6 3.Nxe5 d6 4.Nf3 Nxe4 5.d3 Nf6 6.d4 Be7 7.d5 O-O 8.Be2 c6 9.dxc6
Nxc6 10.O-O d5 11.c3 Re8 12.h3 Bf5 13.Be3 Qd7 14.Nd4 Bg6 15.Nd2 Bd6 16.N2f3 Ne4 17.Re1
Rad8 18.Nh4 Bb8 19.Nxg6 hxg6 20.Bf1 Qc7 21.Nf3 Ne5 22.g3 Nc4 23.Bxc4 dxc4 24.Qc2 Rd3
25.Bf4 Qc6 26.Nd4 Qd5 27.Bxb8 Rxb8 28.Rad1 Ng5 29.h4 Rxd4 30.hxg5 Rd3 31.b3 Rd8 32.bxc4
Rxd1 33.cxd5 Rxe1+ 34.Kg2 Rxd5 35.Qb3 Rd7 36.Qa4 Rde7 37.Qxa7 R1e5 38.Qd4 R7e6 39.Qd8+
Kh7 40.Qd7 Rf5 41.Qxb7 Re2 42.Qa7 Rc2 43.Qe3 Rxa2 44.g4 Rfa5 45.Qf4 Rc2 46.Qh2+ Kg8
47.Qb8+ Kh7 48.Qh2+ Kg8 1/2-1/2

[Event "Vienna Chess Open 2013"]
[Site "Großer Festsaal im Wiener Rathaus, 1010 Wien"]
[Date "2013.08.24"]
[Round "8.6"]
[White "Manea, Alexandru"]
[Black "Petrov, Marijan"]
[Result "1-0"]
[WhiteElo "2390"]
[BlackElo "2493"]
[[PlyCount "150"]
[[BlackElo "2493"]

1.d4 c5 2.d5 g6 3.c4 d6 4.Nf3 Bg7 5.Nc3 Nf6 6.Bf4 O-O 7.h3 Bf5 8.Nd2 e5 9.Bg5 h6 10.Bh4
Qa5 11.g4 Bd7 12.e4 Na6 13.Be2 Nc7 14.a4 Na6 15.O-O Nh7 16.Nb5 g5 17.Bg3 Qd8 18.Nxd6
Bxg4 19.Bxg4 Qxd6 20.Re1 Rfe8 21.Nf1 Nb4 22.Ne3 Nf8 23.Nf5 Qf6 24.Qb3 Ng6 25.Rad1
Rad8 26.Qc3 Kh7 27.Kh2 Bf8 28.Rh1 Bd6 29.Kg1 Rh8 30.h4 Kg8 31.hxg5 hxg5 32.Kg2 Bf8
33.Rxh8+ Qxh8 34.Rh1 Qf6 35.Rh5 b6 36.Kf1 Bg7 37.Nxg7 Kxg7 38.Bf5 Re8 39.Bh2 Nf4 40.Bxf4
gxf4 41.Qh3 Rg8 42.Bh7 Rh8 43.Rf5 Qg6 44.Bxg6 Rxh3 45.Bxf7 f3 46.Rh5 Rxh5 47.Bxh5
Nd3 48.b3 Nc1 49.Bxf3 Nxb3 50.Ke2 Na5 51.Kd3 Kf6 52.Be2 Nb7 53.Ke3 Kg5 54.f4+ Kf6
55.Bd3 Nd6 56.Kf3 Nf7 57.Kg4 exf4 58.Kxf4 Ne5 59.Be2 Ng6+ 60.Ke3 Ke5 61.Bh5 Ne7 62.Bg4
Ng8 63.d6 Kxd6 64.Kf4 Ne7 65.e5+ Kc7 66.Kg5 Nc6 67.Kf6 a6 68.Bf3 Nd4 69.Bd5 b5 70.a5
bxc4 71.e6 Nxe6 72.Kxe6 c3 73.Be4 c2 74.Bxc2 Kc6 75.Ba4+ Kd5+ 1-0

[Event "Vienna Chess Open 2013"]
[Site "Großer Festsaal im Wiener Rathaus, 1010 Wien"]
[Date "2013.08.24"]
[Round "8.7"]
[White "Kim, Alexey"]
[Black "Brühl, Andreas"]
[Result "1-0"]
[WhiteElo "2477"]
[BlackElo "2343"]
[[PlyCount "239"]
[[BlackElo "2343"]

1.e4 e5 2.Nf3 Nc6 3.Bc4 Bc5 4.c3 Nf6 5.d3 a6 6.Nbd2 d6 7.Bb3 Ba7 8.h3 Ne7 9.Nf1 O-O
10.Bg5 Ng6 11.Nh4 Nxh4 12.Bxh4 h6 13.Ne3 g5 14.Bg3 Bxe3 15.fxe3 Kg7 16.Qe2 Be6 17.Bc2
Nd7 18.a4 a5 19.O-O f6 20.b4 b6 21.Rfb1 Qe7 22.d4 Rfc8 23.Bd3 Rd8 24.Be1 Nf8 25.Ba6
Bc8 26.Bb5 Bb7 27.d5 Nd7 28.Bd2 Ra7 29.Kh2 Bc8 30.bxa5 Rxa5 31.c4 Ra7 32.Bb4 Bb7 33.a5
Rda8 34.Qg4 Nf8 35.Ra3 bxa5 36.Rba1 Bc8 37.Qd1 c6 38.Bxd6 Qxd6 39.Bxc6 Bb7 40.Bxb7
Rxb7 41.Rxa5 Rxa5 42.Rxa5 Nd7 43.Qa4 Rc7 44.Ra7 Rxa7 45.Qxa7 Kf8 46.Qa8+ Ke7 47.Qg8
Qb6 48.Qg7+ Kd6 49.Qg8 Kc7 50.Qa8 h5 51.Kh1 g4 52.hxg4 hxg4 53.Kh2 Qc5 54.Qa6 Nb6
55.Qa7+ Kc8 56.Qg7 Nd7 57.Qg8+ Kc7 58.Qxg4 Qxc4 59.Kg3 Qd3 60.Kf3 Qd1+ 61.Kg3 Qe1+
62.Kf3 Qf1+ 63.Kg3 Nc5 64.Kh2 Qf2 65.Qg7+ Nd7 66.Qh6 Kd6 67.Qh3 Nc5 68.Qh8 Nxe4 69.Qf8+
Kc7 70.Qe7+ Kc8 71.Qe8+ Kc7 72.Qe7+ Kc8 73.Qe6+ Kd8 74.Qg8+ Ke7 75.Qh7+ Kd6 76.Qxe4
Qd2 77.Qf5 Qxd5 78.Qxf6+ Kc5 79.Qf5 Kc4 80.Qc2+ Kb4 81.Qb2+ Ka4 82.Qc2+ Kb4 83.Kg3
e4 84.Qb2+ Kc5 85.Qc3+ Kd6 86.Qf6+ Kc5 87.Kf4 Kc4 88.Qe5 Qf7+ 89.Kxe4 Qb7+ 90.Kf4
Kd3 91.Qf5+ Ke2 92.Qh5+ Kd2 93.Qf3 Qc7+ 94.Kg4 Qg7+ 95.Kh3 Qh6+ 96.Kg3 Qg5+ 97.Kf2
Qh4+ 98.Qg3 Qf6+ 99.Qf4 Qg6 100.Qd4+ Kc2 101.g4 Qf7+ 102.Kg2 Qg8 103.Kg3 Qb8+ 104.Qf4
Qg8 105.Qd6 Qg5 106.Kf3 Qh4 107.Qg3 Qh6 108.g5 Qh5+ 109.Qg4 Qf7+ 110.Qf4 Qh5+ 111.Kg3
Kd3 112.Qd4+ Kc2 113.Qd5 Kc3 114.Qd4+ Kc2 115.Qg4 Qg6 116.e4 Kd2 117.Qf5 Qg7 118.e5
Ke3 119.Qf6 Qd7 120.g6 1-0

[Event "Vienna Chess Open 2013"]
[Site "Großer Festsaal im Wiener Rathaus, 1010 Wien"]
[Date "2013.08.24"]
[Round "8.8"]
[White "Vavulin, Maxim"]
[Black "Akesson, Ralf"]
[Result "0-1"]
[WhiteElo "2360"]
[BlackElo "2467"]
[[PlyCount "130"]
[[BlackElo "2467"]

1.e4 c6 2.d4 d5 3.Nc3 dxe4 4.Nxe4 Nd7 5.Bc4 Ngf6 6.Ng5 e6 7.Qe2 Nb6 8.Bd3 h6 9.N5f3
c5 10.dxc5 Bxc5 11.Ne5 Nbd7 12.Ngf3 Qc7 13.O-O Nxe5 14.Nxe5 Bd6 15.Re1 Bxe5 16.Qxe5
Qxe5 17.Rxe5 Bd7 18.b3 O-O-O 19.Bb2 Nd5 20.a3 f6 21.Ree1 e5 22.Rad1 Nf4 23.Be4 Kc7
24.h4 Bc6 25.Bxc6 Kxc6 26.g3 Rxd1 27.Rxd1 Ne6 28.Kg2 h5 29.Kf3 Re8 30.Ke4 g6 31.b4
b5 32.f3 Nd8 33.Rd3 f5+ 34.Ke3 Nb7 35.Rc3+ Kb6 36.Rd3 Kc6 37.Rc3+ Kd7 38.Rd3+ Ke6
39.Kf2 Rc8 40.Rd2 Nd6 41.Re2 e4 42.Bd4 Kd5 43.Bc5 Nc4 44.Bxa7 Ra8 45.Bc5 Rxa3 46.fxe4+
fxe4 47.Kg2 Rf3 48.Re1 Rc3 49.Re2 Ke5 50.Rf2 e3 51.Rf8 Rxc2+ 52.Kf1 Ke4 53.Rf4+ Kd3
54.Rd4+ Kc3 55.Rf4 Kd3 56.Rd4+ Kc3 57.Rf4 Rh2 58.Kg1 Rd2 59.Kf1 Kc2 60.Re4 Rf2+ 61.Kg1
Rf5 62.Re6 Kd2 63.Re8 e2 64.Bf2 Ne5 65.Rd8+ Nd3 0-1

[Event "Vienna Chess Open 2013"]
[Site "Großer Festsaal im Wiener Rathaus, 1010 Wien"]
[Date "2013.08.24"]
[Round "8.9"]
[White "Arkell, Keith"]
[Black "Deglmann, Ludwig"]
[Result "1/2-1/2"]
[WhiteElo "2444"]
[BlackElo "2332"]
[[PlyCount "153"]
[[BlackElo "2332"]

1.d4 f5 2.g3 Nf6 3.Bg2 g6 4.b4 Bg7 5.Bb2 d5 6.Nd2 a5 7.b5 a4 8.Rb1 c6 9.bxc6 Nxc6
10.Ngf3 Ne4 11.O-O b5 12.Ne5 Nxe5 13.dxe5 O-O 14.Bd4 Rb8 15.f3 Nxd2 16.Qxd2 Qc7 17.f4
e6 18.Rfc1 Bd7 19.e3 b4 20.Rxb4 Rxb4 21.Qxb4 Rb8 22.Qd2 Bb5 23.Qc3 Qxc3 24.Bxc3 Rc8
25.Bb4 Bd3 26.Bf1 Rxc2 27.Rxc2 Bxc2 28.a3 g5 29.Kf2 Bh6 30.Bc5 gxf4 31.gxf4 Bb3 32.Bb5
Kf7 33.Ke1 d4 34.Bxd4 Bf8 35.Bb2 Bc5 36.Kd2 Ke7 37.Kd3 Kd8 38.e4 fxe4+ 39.Kxe4 Ke7
40.Kf3 Bd1+ 41.Kg3 Bc2 42.Bc1 Kf7 43.Be2 Kg6 44.Bg4 Bb3 45.Kg2 Bd4 46.Kf1 Kf7 47.Bh5+
Kg7 48.Ke2 Bc4+ 49.Kd2 Bb3 50.Kd3 Bc5 51.Bf3 Be7 52.Be4 Bc5 53.Kc3 h5 54.Bd3 h4 55.f5
exf5 56.Bxf5 Kf7 57.Kd3 Be6 58.Ke4 Bb3 59.h3 Be7 60.Kf4 Bc5 61.Kg4 Be7 62.Bb2 Bd1+
63.Kf4 Bb3 64.Bd7 Bc5 65.Kf5 Bc2+ 66.Kg4 Be7 67.e6+ Kg6 68.Be8+ Kh6 69.Bc1+ Kg7 70.Bg5
Bd1+ 71.Kxh4 Bxa3 72.e7 Bb4 73.Kg3 a3 74.Bb5 Bh5 75.Bc4 Bf7 76.h4 Bxe7 77.Bxe7 1/2-1/2

[Event "Vienna Chess Open 2013"]
[Site "Großer Festsaal im Wiener Rathaus, 1010 Wien"]
[Date "2013.08.24"]
[Round "8.10"]
[White "Drozdowski, Kacper"]
[Black "Mork, Kjell Arne"]
[Result "1-0"]
[WhiteElo "2437"]
[BlackElo "2289"]
[[PlyCount "53"]
[[BlackElo "2289"]

1.e4 e6 2.d4 d5 3.Nc3 Nc6 4.Nf3 Nf6 5.e5 Ne4 6.a3 Be7 7.Bd3 Nxc3 8.bxc3 Na5 9.h4 h6
10.h5 c5 11.dxc5 Bxc5 12.Nd4 Qc7 13.Bf4 Bd7 14.O-O O-O-O 15.a4 Bb6 16.Qd2 Nc4 17.Qe2
Kb8 18.Rfb1 Ka8 19.a5 Nxa5 20.Be3 Kb8 21.Nb5 Bxb5 22.Rxb5 Qxc3 23.Ra4 Bxe3 24.Qxe3
d4 25.Qc1 Rc8 26.Raxa5 Qxd3 27.Rxb7+ 1-0

[Event "Vienna Chess Open 2013"]
[Site "Großer Festsaal im Wiener Rathaus, 1010 Wien"]
[Date "2013.08.24"]
[Round "8.11"]
[White "Sokolov, Ivan"]
[Black "Lugovskoy, Maxim"]
[Result "1/2-1/2"]
[WhiteElo "2656"]
[BlackElo "2372"]
[[PlyCount "103"]
[[BlackElo "2372"]

1.d4 d5 2.c4 e6 3.Nc3 Be7 4.Qb3 Nf6 5.Bg5 dxc4 6.Qxc4 a6 7.Rd1 b5 8.Qb3 Bb7 9.a4 b4
10.Bxf6 gxf6 11.e3 Nc6 12.Nb1 Na5 13.Qc2 Bd5 14.Nd2 b3 15.Qc3 Nc6 16.Ngf3 Rg8 17.Be2
f5 18.O-O Bb4 19.Qc1 h5 20.Kh1 h4 21.h3 Bxd2 22.Rxd2 Qd6 23.Nxh4 Rh8 24.Nf3 Ke7 25.Qc5
Qxc5 26.dxc5 f6 27.Kh2 Rag8 28.Rg1 Rb8 29.Bxa6 Rb4 30.Bb5 Ne5 31.Nxe5 fxe5 32.c6 Kf6
33.f3 Bc4 34.Rd7 Bxb5 35.axb5 Rxb5 36.Rxc7 Rc5 37.Rd1 Rc2 38.Rdd7 Rg8 39.Rf7+ Kg6
40.h4 Rxb2 41.Rh7 f4 42.h5+ Kg5 43.h6 Rg6 44.Rcg7 Rc2 45.exf4+ exf4 46.Rxg6+ Kxg6
47.Re7 b2 48.h7 b1=Q 49.h8=Q Rxg2+ 50.Kxg2 Qc2+ 51.Kh3 Qf5+ 52.Kh2 1/2-1/2

[Event "Vienna Chess Open 2013"]
[Site "Großer Festsaal im Wiener Rathaus, 1010 Wien"]
[Date "2013.08.24"]
[Round "8.12"]
[White "Fier, Alexandr"]
[Black "Kuznecov, Mikhail"]
[Result "1-0"]
[WhiteElo "2595"]
[BlackElo "2364"]
[[PlyCount "99"]
[[BlackElo "2364"]

1.e4 d6 2.d4 Nf6 3.Nc3 e5 4.Nf3 Nbd7 5.Bc4 Be7 6.O-O O-O 7.Re1 c6 8.a4 a5 9.Ba2 exd4
10.Qxd4 Ne5 11.Nd2 Nfg4 12.Nf1 Be6 13.h3 Bxa2 14.Rxa2 Nf6 15.Ng3 g6 16.Ra1 Ned7 17.Be3
Re8 18.Rad1 Bf8 19.Qc4 Qc7 20.Rd2 Nc5 21.Red1 Nfd7 22.Qf1 h5 23.Bg5 Qb6 24.Rb1 Re6
25.Kh1 Qa6 26.Qd1 Ree8 27.f3 Ne6 28.Be3 Qc4 29.Nge2 Rad8 30.b3 Qa6 31.Qg1 Nec5 32.Rbd1
Qb6 33.Rxd6 Bxd6 34.Rxd6 Qb4 35.Rd4 Qb6 36.Rc4 Qa6 37.Bxc5 Nxc5 38.Qxc5 Rd2 39.Qg5
Rxc2 40.Nd4 Rb2 41.e5 Rxb3 42.Rc5 Rb4 43.e6 Rxd4 44.Qf6 Rxe6 45.Qxd4 Qf1+ 46.Qg1 Qd3
47.Ne4 Re7 48.Qa1 f5 49.Qf6 Rxe4 50.Qxg6+ 1-0

[Event "Vienna Chess Open 2013"]
[Site "Großer Festsaal im Wiener Rathaus, 1010 Wien"]
[Date "2013.08.24"]
[Round "8.13"]
[White "Kaufeld, Juergen"]
[Black "Buhmann, Rainer"]
[Result "0-1"]
[WhiteElo "2348"]
[BlackElo "2583"]
[[PlyCount "94"]
[[BlackElo "2583"]

1.d4 d5 2.c4 c6 3.Nc3 Nf6 4.Nf3 a6 5.g3 dxc4 6.Bg2 g6 7.a4 a5 8.e4 Bg7 9.O-O O-O 10.Qe2
Na6 11.Rd1 Nb4 12.Ne5 Ne8 13.Nxc4 Nd6 14.Nxd6 exd6 15.Bf4 Re8 16.Qd2 Bg4 17.Re1 Qb6
18.h3 Bd7 19.Rad1 d5 20.Bd6 Be6 21.e5 f6 22.exf6 Bxf6 23.Be5 Qd8 24.Qf4 Bg5 25.Qf3
Qd7 26.g4 Bh4 27.Re2 Qf7 28.Qe3 Bd7 29.f4 Bf6 30.Rf1 Rf8 31.Kh2 Rae8 32.Qg3 Bxe5 33.fxe5
Qe7 34.Ref2 Rxf2 35.Rxf2 Rf8 36.Ne2 Rxf2 37.Qxf2 Nd3 38.Qe3 Nxb2 39.Qb3 Qb4 40.Bxd5+
Kg7 41.Qxb4 axb4 42.Bb3 c5 43.d5 c4 44.e6 Bxe6 45.dxe6 cxb3 46.Nd4 Nxa4 47.Nxb3 Kf6 0-1

[Event "Vienna Chess Open 2013"]
[Site "Großer Festsaal im Wiener Rathaus, 1010 Wien"]
[Date "2013.08.24"]
[Round "8.14"]
[White "Guliyev, Namig"]
[Black "Tjomsland, Stig"]
[Result "1-0"]
[WhiteElo "2562"]
[BlackElo "2337"]
[[PlyCount "81"]
[[BlackElo "2337"]

1.e4 e5 2.Nf3 Nc6 3.Bb5 Nf6 4.O-O Nxe4 5.Re1 Nd6 6.Nxe5 Nxe5 7.Rxe5+ Be7 8.Bf1 O-O
9.d4 Bf6 10.Re1 Nf5 11.d5 d6 12.Nd2 h6 13.Ne4 Be5 14.c3 Nh4 15.f4 Bf6 16.Be3 Be7 17.g3
Nf5 18.Bf2 g6 19.Qd2 c5 20.b4 b6 21.a4 Ng7 22.a5 Rb8 23.axb6 axb6 24.Ra7 Rb7 25.Rxb7
Bxb7 26.c4 Qd7 27.Qe2 Bd8 28.Qb2 f5 29.Nxd6 Qxd6 30.bxc5 Qd7 31.cxb6 Ne8 32.Bg2 Nf6
33.Re6 Qa4 34.Qd4 Kf7 35.c5 Qxd4 36.Bxd4 Bxd5 37.Rxf6+ Bxf6 38.Bxd5+ Ke7 39.Bxf6+
Rxf6 40.Kf2 g5 41.Ke3 1-0

[Event "Vienna Chess Open 2013"]
[Site "Großer Festsaal im Wiener Rathaus, 1010 Wien"]
[Date "2013.08.24"]
[Round "8.15"]
[White "Van Overdam, Julian"]
[Black "Shchekachev, Andrei"]
[Result "1/2-1/2"]
[WhiteElo "2326"]
[BlackElo "2527"]
[[PlyCount "86"]
[[BlackElo "2527"]

1.e4 c5 2.Nc3 a6 3.f4 b5 4.g3 Bb7 5.Bg2 e6 6.d3 d6 7.Nf3 Nf6 8.O-O Nbd7 9.Qe2 b4 10.Nd1
Be7 11.Ne3 Nb6 12.e5 dxe5 13.Nxe5 Bxg2 14.Qxg2 O-O 15.N3c4 Nfd5 16.Nxb6 Nxb6 17.Be3
Nd5 18.Qf2 Qc7 19.Nc4 Rfd8 20.Rae1 g6 21.Qf3 a5 22.Bd2 Bf6 23.g4 Bd4+ 24.Kh1 Ne7 25.f5
gxf5 26.Bf4 Qa7 27.Bd6 Ng6 28.gxf5 exf5 29.Qxf5 Qb7+ 30.Qe4 Qxe4+ 31.Rxe4 Bxb2 32.Bxc5
Bc3 33.Rf2 Rac8 34.Bb6 Rd5 35.Rfe2 a4 36.Re8+ Rxe8 37.Rxe8+ Kg7 38.Be3 b3 39.axb3
axb3 40.cxb3 Rxd3 41.Kg2 Bf6 42.Rb8 Ne5 43.Bf2 Nxc4 1/2-1/2

[Event "Vienna Chess Open 2013"]
[Site "Großer Festsaal im Wiener Rathaus, 1010 Wien"]
[Date "2013.08.24"]
[Round "8.16"]
[White "Chatalbashev, Boris"]
[Black "Visser, Henk-Jan"]
[Result "1-0"]
[WhiteElo "2523"]
[BlackElo "2262"]
[[PlyCount "64"]
[[BlackElo "2262"]

1.Nf3 d5 2.g3 c6 3.Bg2 Bg4 4.O-O Nd7 5.d3 e6 6.e4 Bd6 7.Nbd2 Ne7 8.h3 Bh5 9.b3 O-O
10.Bb2 Re8 11.c4 f6 12.Re1 a5 13.Qc2 Bf7 14.a3 Rc8 15.d4 h6 16.Rad1 Bg6 17.Nh4 Bh7
18.Qc1 b5 19.Bf3 bxc4 20.bxc4 Kh8 21.Bh5 Rf8 22.exd5 exd5 23.Re6 Qc7 24.Rde1 Nf5 25.Ng6+
Kg8 26.Nf1 Rfd8 27.Qc2 Nxg3 28.fxg3 Bxg3 29.Ne7+ Kh8 30.Bg6 Nf8 31.Bxh7 Nxe6 32.Rxe6
g6 1-0

[Event "Vienna Chess Open 2013"]
[Site "Großer Festsaal im Wiener Rathaus, 1010 Wien"]
[Date "2013.08.24"]
[Round "8.17"]
[White "Stromboli, Ettore"]
[Black "Hertneck, Gerald"]
[Result "0-1"]
[WhiteElo "2336"]
[BlackElo "2499"]
[[PlyCount "146"]
[[BlackElo "2499"]

1.e4 e6 2.d4 d5 3.e5 c5 4.c3 Nc6 5.Nf3 Qb6 6.Be2 Nh6 7.b3 cxd4 8.cxd4 Nf5 9.Bb2 Bb4+
10.Kf1 Be7 11.Nc3 Qd8 12.g3 O-O 13.Kg2 f6 14.exf6 Bxf6 15.Na4 b6 16.Re1 Bd7 17.Rc1
Rc8 18.Bd3 g6 19.Bxf5 exf5 20.Ne5 Bxe5 21.dxe5 Be6 22.f4 d4 23.Ba3 Qd5+ 24.Kf2 Rfd8
25.Qd3 g5 26.Bd6 gxf4 27.gxf4 Kh8 28.Qf3 Rg8 29.Qxd5 Bxd5 30.Rg1 Rxg1 31.Rxg1 Nd8
32.Be7 Rc2+ 33.Ke1 Rc1+ 34.Kf2 Rxg1 35.Kxg1 Ne6 36.Bg5 Kg7 37.Kf2 Kg6 38.Kg3 Ng7 39.Nb2
h6 40.Bd8 Nh5+ 41.Kf2 Nxf4 42.Bc7 Ne6 43.Bb8 a6 44.Ba7 f4 45.Bxb6 Kf5 46.Nd3 Ke4 47.Ke2
Bc6 48.Nf2+ Kf5 49.Ba7 Be4 50.Kd2 h5 51.Bb8 Ng5 52.h3 Nf3+ 53.Ke2 Nxe5 54.Ba7 d3+
55.Kd2 Bg2 56.Nxd3 Nxd3 57.Kxd3 Bxh3 58.Ke2 Bg2 59.a4 Bc6 60.Kf2 h4 61.Kg1 Kg4 62.a5
h3 63.Kh2 Bd7 64.b4 Bc8 65.Bb8 Kf3 66.Bc7 Ke3 67.Bb8 f3 68.Ba7+ Ke2 69.Kg3 h2 70.Kxh2
f2 71.Bxf2 Kxf2 72.Kh1 Bb7+ 73.Kh2 Bg2 0-1

[Event "Vienna Chess Open 2013"]
[Site "Großer Festsaal im Wiener Rathaus, 1010 Wien"]
[Date "2013.08.24"]
[Round "8.18"]
[White "Grötz, Harald"]
[Black "Sipilä, Vilka"]
[Result "1/2-1/2"]
[WhiteElo "2316"]
[BlackElo "2474"]
[[PlyCount "237"]
[[BlackElo "2474"]

1.e4 e5 2.Nf3 Nc6 3.Bb5 f5 4.d3 fxe4 5.dxe4 Nf6 6.O-O Bc5 7.Qe2 d6 8.Qc4 Bd7 9.Nc3
Qe7 10.Nd5 Nxd5 11.exd5 Nd4 12.Bxd7+ Qxd7 13.Nxd4 Bxd4 14.Be3 Bxe3 15.fxe3 O-O-O 16.Rf2
Rhf8 17.Raf1 Rxf2 18.Rxf2 a6 19.b3 Kb8 20.a4 Qe7 21.e4 Rf8 22.Rxf8+ Qxf8 23.Qf1 Qe7
24.Qf5 g6 25.Qf3 Qg5 26.Qe2 Qc1+ 27.Kf2 h5 28.g3 g5 29.Kg2 a5 30.Kf2 c6 31.dxc6 bxc6
32.Kg2 Kb7 33.Kf2 Qb2 34.Kg2 Qc3 35.Kh3 Kb6 36.Qxh5 Qxc2 37.Qxg5 Qxb3 38.Qd8+ Kc5
39.Qxa5+ Kd4 40.Qd2+ Kxe4 41.Qg2+ Kd4 42.Qxc6 Qe6+ 43.Kg2 e4 44.Qb6+ Kd3 45.Qb1+ Kd2
46.Qb2+ Kd3 47.Qb1+ Kc3 48.Qc1+ Kb4 49.Qb2+ Kxa4 50.Qd4+ Kb3 51.h4 Kc2 52.Qe3 Qg4
53.h5 Qxh5 54.Qxe4+ Kd2 55.Qd4+ Ke2 56.Qe4+ Kd2 57.Qd4+ Ke2 58.Qxd6 Qf3+ 59.Kh2 Qh5+
60.Kg2 Qf3+ 61.Kh2 Qh5+ 62.Kg1 Qf5 63.Qf4 Qc5+ 64.Kg2 Qd5+ 65.Kh3 Qh5+ 66.Qh4 Qf7
67.Qe4+ Kd1 68.g4 Qf6 69.Kg3 Qd8 70.Qf3+ Kc2 71.Qf5+ Kb2 72.g5 Qd6+ 73.Kh3 Qa3+ 74.Kh4
Qa4+ 75.Kh5 Qd1+ 76.Kh6 Qd2 77.Kh7 Qh2+ 78.Kg7 Kc1 79.Qc5+ Kb1 80.Qb6+ Kc2 81.Qc6+
Kb1 82.Qe4+ Kc1 83.g6 Qc7+ 84.Kf8 Qd8+ 85.Qe8 Qd6+ 86.Kg8 Qd5+ 87.Qf7 Qd8+ 88.Kg7
Qd4+ 89.Qf6 Qd7+ 90.Kf8 Qc8+ 91.Ke7 Qc7+ 92.Ke6 Qc6+ 93.Kf7 Qd7+ 94.Qe7 Qf5+ 95.Kg7
Qd5 96.Qe3+ Kb2 97.Kh7 Qh5+ 98.Qh6 Qf5 99.Qh2+ Kb1 100.Qh1+ Kb2 101.Qb7+ Kc1 102.Qc6+
Kb1 103.Kg8 Kb2 104.g7 Kb1 105.Qh1+ Ka2 106.Qh2+ Ka3 107.Kh8 Qf6 108.Qh3+ Ka2 109.Qh5
Ka3 110.Kh7 Qe7 111.Qg4 Qf7 112.Qg5 Qd7 113.Qe3+ Ka4 114.Kh8 Qd8+ 115.g8=Q Qh4+ 116.Kg7
Qg4+ 117.Kf7 Qf5+ 118.Ke7 Qc5+ 119.Qxc5 1/2-1/2

[Event "Vienna Chess Open 2013"]
[Site "Großer Festsaal im Wiener Rathaus, 1010 Wien"]
[Date "2013.08.24"]
[Round "8.19"]
[White "Certek, Pavel"]
[Black "Cherniaev, Alexander"]
[Result "0-1"]
[WhiteElo "2304"]
[BlackElo "2451"]
[[PlyCount "98"]
[[BlackElo "2451"]

1.d4 Nf6 2.Nf3 c5 3.e3 g6 4.Be2 Bg7 5.O-O O-O 6.b3 cxd4 7.Nxd4 d5 8.Bb2 e5 9.Nf3 e4
10.Nd4 Nc6 11.c4 Ne5 12.cxd5 Nxd5 13.Nc3 Nxc3 14.Bxc3 b6 15.Rc1 Qg5 16.Kh1 Bb7 17.Bb4
Rfc8 18.Qd2 a5 19.Ba3 Nd3 20.Rxc8+ Rxc8 21.f4 Qd5 22.Bb2 Nxb2 23.Qxb2 Qc5 24.Rd1 Qc3
25.Qxc3 Rxc3 26.Nb5 Rxe3 27.Bc4 Ba6 28.Kg1 Bxb5 29.Bxb5 Bf8 30.Bc4 Be7 31.Kf1 Rc3
32.Rd7 Bc5 33.Bxf7+ Kh8 34.Ke2 e3 35.Kd1 Ba3 36.g4 Rc1+ 37.Ke2 Bc5 38.Bc4 Rc2+ 39.Kf3
Rxh2 40.Kg3 Rd2 41.Rb7 e2 42.Rb8+ Kg7 43.Rb7+ Kf8 44.Rb8+ Ke7 45.Rb7+ Kd8 46.Bxe2
Rxe2 47.Rxh7 Rxa2 48.Rg7 Ra3 49.Rxg6 a4 0-1

[Event "Vienna Chess Open 2013"]
[Site "Großer Festsaal im Wiener Rathaus, 1010 Wien"]
[Date "2013.08.24"]
[Round "8.20"]
[White "Fauland, Alexander"]
[Black "Sbarra, Marco"]
[Result "1-0"]
[WhiteElo "2447"]
[BlackElo "2260"]
[[PlyCount "75"]
[[BlackElo "2260"]

1.d4 Nf6 2.c4 e6 3.Nf3 d5 4.e3 c5 5.Nc3 a6 6.cxd5 exd5 7.Be2 Nc6 8.O-O Bd6 9.dxc5
Bxc5 10.b3 O-O 11.Bb2 Be6 12.Rc1 Qe7 13.Na4 Bd6 14.Nd4 Ne5 15.h3 Ne4 16.f4 Ng6 17.Bd3
Rad8 18.Nxe6 fxe6 19.Bxe4 dxe4 20.Qc2 b5 21.Nc3 Bc5 22.Qxe4 Rd2 23.Nd1 Nh4 24.Rf2
Rfd8 25.Bd4 R2xd4 26.exd4 Rxd4 27.Qa8+ Kf7 28.Qc8 Rd5 29.Kh2 Nf5 30.Rf3 Nd6 31.Qxa6
Ne4 32.Ne3 Rd2 33.Ng4 Bd6 34.Qxb5 Qa7 35.Qh5+ Ke7 36.Ne5 Rxg2+ 37.Kxg2 Qxa2+ 38.Kg1 1-0

[Event "Vienna Chess Open 2013"]
[Site "Großer Festsaal im Wiener Rathaus, 1010 Wien"]
[Date "2013.08.24"]
[Round "8.21"]
[White "Van Kerkhof, David"]
[Black "Moser, Eva"]
[Result "1-0"]
[WhiteElo "2291"]
[BlackElo "2433"]
[[PlyCount "141"]
[[BlackElo "2433"]

1.e4 e6 2.d4 d5 3.Nc3 Bb4 4.e5 c5 5.a3 Bxc3+ 6.bxc3 Qa5 7.Bd2 Qa4 8.Qb1 c4 9.Nh3 Ne7
10.Nf4 Nbc6 11.Nh5 Rg8 12.Be2 Bd7 13.O-O O-O-O 14.Qc1 Rdf8 15.Bg5 Kb8 16.Qd2 Be8 17.g4
Nc8 18.Kh1 Nb6 19.f4 Qa5 20.a4 Nxa4 21.Ra3 b5 22.f5 Bd7 23.f6 g6 24.Nf4 Bc8 25.Bh6
Rd8 26.Nh3 Rd7 27.Ng5 Rb7 28.Rfa1 Qb6 29.Rd1 Qc7 30.Bf3 a5 31.Bg7 Nb6 32.Nxh7 b4 33.Raa1
b3 34.Rdb1 a4 35.h4 Ra7 36.h5 gxh5 37.gxh5 Nd7 38.h6 Ndxe5 39.dxe5 Nxe5 40.Ng5 Nxf3
41.Nxf3 d4 42.cxb3 cxb3 43.cxd4 Bb7 44.Kg2 Be4 45.Re1 Qc2 46.Kg3 b2 47.Ra2 Qc7+ 48.Ne5
b1=Q 49.Rxb1+ Bxb1 50.Ra1 Qb7 51.Qc1 Be4 52.h7 Bxh7 53.Nc6+ Ka8 54.Nxa7 Qxa7 55.Qh1+
Qb7 56.Qxh7 Qb3+ 57.Kg4 Rd8 58.Qe4+ Rd5 59.Bf8 Qc4 60.Bc5 Kb8 61.Rb1+ Kc8 62.Re1 a3
63.Qf4 a2 64.Ba7 e5 65.dxe5 Qb3 66.e6 Rd1 67.exf7 a1=Q 68.f8=Q+ Kb7 69.Q8b8+ Ka6 70.Qxb3
Rxe1 71.Qb6# 1-0

[Event "Vienna Chess Open 2013"]
[Site "Großer Festsaal im Wiener Rathaus, 1010 Wien"]
[Date "2013.08.24"]
[Round "8.22"]
[White "Fröwis, Georg"]
[Black "Menezes, Christoph"]
[Result "1-0"]
[WhiteElo "2432"]
[BlackElo "2251"]
[[PlyCount "39"]
[[BlackElo "2251"]

1.g3 Nf6 2.Bg2 d5 3.Nf3 c6 4.c4 Bg4 5.Ne5 Be6 6.cxd5 Bxd5 7.Nf3 c5 8.Nc3 Bc6 9.O-O
e6 10.Re1 Nbd7 11.e4 Be7 12.d4 cxd4 13.Nxd4 Qb6 14.e5 Nd5 15.Nxd5 exd5 16.e6 Nf6 17.Nf5
Bc5 18.Nxg7+ Kf8 19.Qf3 Bxf2+ 20.Kh1 1-0